Mestiksen mestarit - Statistics

Yleistilastot
  • Tätä visaa on pelattu 133 kertaa
    104 viimeisimmän päivityksen jälkeen
  • Keskiarvotulos 14 / 18
Vastaustilastot
Vuosi Mestari % Oikein
2001 Jukurit
92%
2002 Jukurit
92%
2003 Jukurit
92%
2006 Jukurit
92%
2013 Jukurit
92%
2015 Jukurit
92%
2016 Jukurit
92%
2009 Sport
84%
2011 Sport
84%
2012 Sport
84%
2008 TuTo
84%
2014 KooKoo
83%
2018 KeuPa HT
68%
2010 Jokipojat
60%
2004 KalPa
58%
2005 KalPa
58%
2017 SaPKo
58%
2007 Hokki
57%
Ehtoja vastaavia visoja ei löytynyt
Tulosjakauma
Jokaisen tuloksen saaneiden osuus
Persentiili vastausten määrän mukaan
Tuloshistoriasi
Et ole pelannut tätä visaa sen viimeisimmän päivityksen jälkeen